5th symposium on reliability and maintainbility

Gespeichert in:
Bibliographische Detailangaben
Format: Buch
Sprache:Undetermined
Veröffentlicht: Tokyo Union of Japanese Scientists and Engineers 1975
Schlagworte:
Tags: Tag hinzufügen
Keine Tags, Fügen Sie den ersten Tag hinzu!
Thư viện lưu trữ: Trung tâm Học liệu Trường Đại học Cần Thơ
LEADER 00483nam a2200169Ia 4500
001 CTU_98594
008 210402s9999 xx 000 0 und d
082 |a 509.2252 
082 |b F469 
245 0 |a 5th symposium on reliability and maintainbility 
260 |a Tokyo 
260 |b Union of Japanese Scientists and Engineers 
260 |c 1975 
650 |a Scientists,Engineers 
650 |z Japan,Japan 
904 |i Truc 
980 |a Trung tâm Học liệu Trường Đại học Cần Thơ